[Event "ESP-ch Amateurs U2300"]
[Site "Murcia"]
[Date "2022.08.31"]
[Round "3.7"]
[White "Guerrero Mendez, Jesus"]
[Black "Gonzalez Capacete, Jose Miguel"]
[Result "1-0"]
[WhiteElo "2010"]
[BlackElo "2111"]
[PlyCount "85"]
[EventDate "2022.08.30"]
[EventType "swiss"]
[EventRounds "7"]
[EventCountry "ESP"]
[SourceTitle "EXT 2024"]
[Source "ChessBase"]
[SourceDate "2023.10.10"]
[SourceVersion "1"]
[SourceVersionDate "2023.10.10"]
[SourceQuality "1"]

1. e4 c5 2. b3 d6 3. Bb2 Nf6 4. Nc3 Nc6 5. Bb5 Bd7 6. d3 a6 7. Bxc6 Bxc6 8. f4 g6 9. Nf3 Bg7 10. 0-0 0-0 11. Qe1 e6 12. Nd1 Nh5 13. Bxg7 Kxg7 14. Nd2 f5 15. e5 d5 16. Qf2 Qa5 17. c3 Rac8 18. a4 Bd7 19. d4 c4 20. b4 Qd8 21. a5 Kf7 22. h3 Ke8 23. Ne3 Bc6 24. Ra2 Rc7 25. Kh2 Rg7 26. Qf3 Qe7 27. g3 Qf7 28. Qf2 h6 29. Ndxc4 dxc4 30. Nxc4 Kd8 31. Nd6 Qc7 32. c4 Rd7 33. b5 axb5 34. d5 bxc4 35. dxc6 Qxc6 36. Rc1 Qd5 37. Rd2 Qc6 38. Rxc4 Qa6 39. Qc5 Qa8 40. Nxb7+ Ke8 41. Rxd7 Kxd7 42. Qc7+ Ke8 43. Nd6# 1-0

[Event "ESP-ch Amateurs U2300"]
[Site "Murcia"]
[Date "2022.08.30"]
[Round "1.7"]
[White "Guerrero Mendez, Jesus"]
[Black "Montalban Galvez, Antonio"]
[Result "1/2-1/2"]
[WhiteElo "2010"]
[BlackElo "2197"]
[PlyCount "83"]
[EventDate "2022.08.30"]
[EventType "swiss"]
[EventRounds "7"]
[EventCountry "ESP"]
[SourceTitle "EXT 2024"]
[Source "ChessBase"]
[SourceDate "2023.10.10"]
[SourceVersion "1"]
[SourceVersionDate "2023.10.10"]
[SourceQuality "1"]

1. e4 c5 2. Na3 b6 3. Nf3 Bb7 4. e5 a6 5. Be2 Nc6 6. 0-0 e6 7. c3 Nh6 8. Nc2 Nf5 9. d4 cxd4 10. Ncxd4 Nfxd4 11. cxd4 d6 12. Be3 Be7 13. Qb3 b5 14. Rfd1 0-0 15. Rac1 Na5 16. Qc2 Rc8 17. Qb1 Rxc1 18. Bxc1 Qa8 19. exd6 Bxd6 20. Ng5 g6 21. Bf3 Bxf3 22. Nxf3 Qd5 23. Bh6 Rd8 24. b3 Bf8 25. Qc1 Bxh6 26. Qxh6 Qh5 27. Qxh5 gxh5 28. Rc1 Rd6 29. Rc8+ Kg7 30. Ra8 Rb6 31. Kf1 Nc6 32. Ke2 Nb4 33. a3 Nc2 34. Ra7 Rd6 35. a4 bxa4 36. bxa4 Nxd4+ 37. Nxd4 Rxd4 38. Rxa6 Rh4 39. h3 Rb4 40. Ra7 Rb2+ 41. Ke3 Rb3+ 42. Ke2 1/2-1/2

[Event "Almansa op-A 14th"]
[Site "Almansa"]
[Date "2019.08.08"]
[Round "4"]
[White "Guerrero Mendez, Jesus"]
[Black "Villar Reymundo, Juan Antonio"]
[Result "0-1"]
[WhiteElo "2111"]
[BlackElo "2244"]
[PlyCount "60"]
[EventDate "2019.08.07"]
[EventType "swiss"]
[EventRounds "7"]
[EventCountry "ESP"]
[SourceTitle "EXT 2022"]
[Source "ChessBase"]
[SourceDate "2021.10.06"]
[SourceVersion "1"]
[SourceVersionDate "2021.10.06"]
[SourceQuality "1"]

1. e4 c5 2. Na3 g6 3. h4 h6 4. Nf3 Bg7 5. c3 d5 6. exd5 Qxd5 7. Bc4 Qe4+ 8. Be2 Nf6 9. d3 Qd5 10. Be3 Ng4 11. Qd2 0-0 12. d4 cxd4 13. Bxd4 e5 14. Be3 Nxe3 15. Qxe3 Nc6 16. Nb5 Qd8 17. h5 g5 18. Rd1 Qe7 19. 0-0 Be6 20. c4 g4 21. Nd2 f5 22. f3 f4 23. Qa3 Qh4 24. fxg4 e4 25. Nxe4 a6 26. Nc7 Bd4+ 27. Nf2 f3 28. Qd3 Ne5 29. Qxd4 Qg3 30. Nxe6 Qxg2# 0-1

[Event "ESP-ch U18"]
[Site "Salobrena"]
[Date "2019.07.24"]
[Round "5"]
[White "Guerrero Mendez, Jesus"]
[Black "Garcia Oviedo, Alejandro"]
[Result "0-1"]
[WhiteElo "2111"]
[BlackElo "1866"]
[PlyCount "116"]
[EventDate "2019.07.22"]
[EventType "swiss"]
[EventRounds "9"]
[EventCountry "ESP"]
[SourceTitle "CBM 191 Extra"]
[Source "ChessBase"]
[SourceDate "2019.09.30"]
[SourceVersion "1"]
[SourceVersionDate "2019.09.30"]
[SourceQuality "1"]

1. e4 c6 2. Nc3 d5 3. Nf3 d4 4. Ne2 c5 5. d3 Nc6 6. g3 Bg4 7. Bg2 e5 8. h3 Bd7 9. 0-0 Qc7 10. Nd2 0-0-0 11. a4 Be6 12. b3 f6 13. Nc4 h5 14. f4 g6 15. fxe5 fxe5 16. Bg5 Be7 17. Qd2 Rf8 18. Rxf8+ Bxf8 19. c3 Nh6 20. cxd4 cxd4 21. Bf6 Rg8 22. b4 Bxc4 23. b5 Be6 24. bxc6 bxc6 25. Rb1 a5 26. Nxd4 Bc5 27. Qxh6 Bxd4+ 28. Kh2 Ba2 29. Rf1 Bb3 30. h4 Bxa4 31. Bh3+ Kb7 32. Be6 Re8 33. Bc4 Ka8 34. Qxg6 Rb8 35. Qxh5 Rb2+ 36. Kh3 c5 37. Bd5+ Ka7 38. Qf5 Bd7 39. Be6 Bb5 40. h5 Bxd3 41. Rh1 Qd6 42. Bd5 Qxd5 43. exd5 Bxf5+ 44. g4 Rb3+ 45. Kh4 Be4 46. Rh2 Bxd5 47. h6 Bg8 48. g5 Bh7 49. Kh5 Rg3 50. Re2 e4 51. Bxd4 cxd4 52. Rf2 Rf3 53. Rg2 Rf5 54. Kh4 Bg6 55. Kg4 e3 56. h7 Bxh7 57. Kh5 Rf2 58. Rg4 Rh2+ 0-1

[Event "ESP-ch U18"]
[Site "Salobrena"]
[Date "2019.07.24"]
[Round "4"]
[White "Poblet Bulnes, Oscar"]
[Black "Guerrero Mendez, Jesus"]
[Result "0-1"]
[WhiteElo "1722"]
[BlackElo "2111"]
[PlyCount "42"]
[EventDate "2019.07.22"]
[EventType "swiss"]
[EventRounds "9"]
[EventCountry "ESP"]
[SourceTitle "CBM 191 Extra"]
[Source "ChessBase"]
[SourceDate "2019.09.30"]
[SourceVersion "1"]
[SourceVersionDate "2019.09.30"]
[SourceQuality "1"]

1. e4 e5 2. Nf3 d6 3. Bc4 Be7 4. Nc3 Nf6 5. d3 0-0 6. 0-0 c6 7. Bb3 Nbd7 8. a3 Nc5 9. Ba2 Be6 10. Bxe6 Nxe6 11. h3 Qc7 12. Re1 Rfe8 13. d4 exd4 14. Nxd4 Bf8 15. b4 Nxd4 16. Qxd4 d5 17. Bg5 Nxe4 18. Nxe4 dxe4 19. Rxe4 c5 20. Rxe8 Rxe8 21. Qc4 Qe5 0-1

[Event "La Roda op 46th"]
[Site "La Roda"]
[Date "2019.04.20"]
[Round "6"]
[White "Guerrero Mendez, Jesus"]
[Black "Campora, Daniel Hugo"]
[Result "0-1"]
[WhiteElo "2013"]
[BlackElo "2405"]
[PlyCount "66"]
[EventDate "2019.04.17"]
[EventType "swiss"]
[EventRounds "9"]
[EventCountry "ESP"]
[SourceTitle "CBM 189 Extra"]
[Source "ChessBase"]
[SourceDate "2019.06.03"]
[SourceVersion "1"]
[SourceVersionDate "2019.06.03"]
[SourceQuality "1"]

1. e4 c6 2. d4 d5 3. e5 Bf5 4. Bd3 Bxd3 5. Qxd3 e6 6. c4 dxc4 7. Qxc4 Qd5 8. Qxd5 cxd5 9. Bd2 Nc6 10. Ne2 Nge7 11. Na3 Nf5 12. Nc2 Be7 13. f4 h5 14. g3 Rc8 15. Rc1 Kd7 16. Kf2 Rc7 17. h3 Rhc8 18. g4 Nxe5 19. fxe5 Rxc2 20. Rxc2 Bh4+ 21. Kf3 Rxc2 22. Bc3 Rxe2 23. gxf5 Rf2+ 24. Ke3 exf5 25. Kd3 f4 26. Bd2 g5 27. a4 Ke6 28. b4 Rf3+ 29. Kc2 b6 30. a5 b5 31. a6 Ra3 32. Kb2 Rxa6 33. Rc1 Bf2 0-1

[Event "Lorca op 7th"]
[Site "Lorca"]
[Date "2018.12.28"]
[Round "5"]
[White "Guerrero Mendez, Jesus"]
[Black "Ramiro Ovejero, Juan Luis"]
[Result "0-1"]
[WhiteElo "1905"]
[BlackElo "2358"]
[PlyCount "64"]
[EventDate "2018.12.26"]
[EventType "swiss"]
[EventRounds "9"]
[EventCountry "ESP"]
[SourceTitle "CBM 188 Extra"]
[Source "ChessBase"]
[SourceDate "2019.02.26"]
[SourceVersion "1"]
[SourceVersionDate "2019.02.26"]
[SourceQuality "1"]

1. e4 d6 2. d4 Nf6 3. Nc3 c6 4. a4 Qa5 5. Bd2 Qc7 6. h3 e5 7. Be3 d5 8. exd5 Bb4 9. Nf3 e4 10. Ne5 cxd5 11. Bb5+ Nbd7 12. Bd2 0-0 13. Nxd7 Bxd7 14. Bxd7 Qxd7 15. Ne2 Bxd2+ 16. Qxd2 Ne8 17. b3 Nd6 18. Nf4 Nf5 19. g4 Nh4 20. 0-0-0 a5 21. Qe2 Qd6 22. Nh5 Qa3+ 23. Kb1 Rfc8 24. Qb5 Rxc2 25. Kxc2 Qa2+ 26. Kc3 Rc8+ 27. Qc5 Rxc5+ 28. dxc5 Qxf2 29. Rxd5 h6 30. Rhd1 g6 31. Rd8+ Kh7 32. Rf8 Qxc5+ 0-1

[Event "ESP-ch U16"]
[Site "Salobrena"]
[Date "2015.07.24"]
[Round "7"]
[White "Guerrero Mendez, Jesus"]
[Black "Cirera Sancho, Alberto"]
[Result "0-1"]
[WhiteElo "1768"]
[BlackElo "1903"]
[PlyCount "74"]
[EventDate "2015.07.20"]
[EventType "swiss"]
[EventRounds "9"]
[EventCountry "ESP"]
[SourceTitle "EXT 2016"]
[Source "ChessBase"]
[SourceDate "2015.10.08"]
[SourceVersion "1"]
[SourceVersionDate "2015.10.08"]
[SourceQuality "1"]

1. e4 c5 2. c4 Nc6 3. Nc3 g6 4. g3 Bg7 5. Bg2 d6 6. Nge2 Nf6 7. d3 0-0 8. 0-0 a6 9. Rb1 Rb8 10. a4 Ne8 11. Be3 Nc7 12. Qd2 Ne5 13. h3 Bxh3 14. Bh6 Qd7 15. Bxg7 Kxg7 16. Nf4 b5 17. f3 Bxg2 18. Kxg2 bxc4 19. Rh1 Rh8 20. Rh6 Ne6 21. dxc4 Nxc4 22. Nxe6+ Qxe6 23. Qf4 Qf6 24. Qc1 Nxb2 25. Nd5 Nd3 26. Rxb8 Nxc1 27. Nxf6 Rxb8 28. Ng4 Rb2+ 29. Kf1 f5 30. Rh2 Rb1 31. Ne3 Nd3+ 32. Kg2 Rb2+ 33. Kh3 Rxh2+ 34. Kxh2 fxe4 35. fxe4 Nf2 36. Nd5 Nxe4 37. Nxe7 c4 0-1

[Event "ESP-ch U16"]
[Site "Salobrena"]
[Date "2015.07.20"]
[Round "2"]
[White "Guerrero Mendez, Jesus"]
[Black "Martinez Pla, Xavier"]
[Result "0-1"]
[WhiteElo "1768"]
[BlackElo "2005"]
[PlyCount "84"]
[EventDate "2015.07.20"]
[EventType "swiss"]
[EventRounds "9"]
[EventCountry "ESP"]
[SourceTitle "EXT 2016"]
[Source "ChessBase"]
[SourceDate "2015.10.08"]
[SourceVersion "1"]
[SourceVersionDate "2015.10.08"]
[SourceQuality "1"]

1. e4 c5 2. c4 Nc6 3. Nc3 e6 4. g3 Nge7 5. Bg2 Nd4 6. Nge2 Nec6 7. d3 Be7 8. Be3 a6 9. a4 d6 10. Rb1 Bd7 11. 0-0 Rb8 12. f4 Bf6 13. g4 g6 14. Bf2 Bg7 15. b3 0-0 16. Nxd4 Nxd4 17. Ne2 b5 18. Nxd4 cxd4 19. axb5 axb5 20. Qe2 Bc6 21. Rfc1 Qb6 22. b4 Rfd8 23. Rc2 Ra8 24. Rbc1 bxc4 25. Rxc4 Bb5 26. R4c2 Ra3 27. Bh4 g5 28. fxg5 Bxd3 29. Qf3 Bxc2 30. Qxa3 d3+ 31. Bf2 Bd4 32. Rf1 Bxf2+ 33. Rxf2 d2 34. Bf3 d1Q+ 35. Bxd1 Bxd1 36. Qc3 Bxg4 37. Qf6 Bh5 38. Kg2 Bg6 39. Kg3 Rc8 40. Rf3 Qxb4 41. h4 Qxe4 42. Rb3 Qe5+ 0-1

[Event "Benidorm New Generation U12 08th"]
[Site "Benidorm"]
[Date "2012.12.09"]
[Round "7.7"]
[White "Lianes Garcia, Marcos"]
[Black "Guerrero Mendez, Jesus"]
[Result "1-0"]
[WhiteElo "1719"]
[BlackElo "1431"]
[PlyCount "43"]
[EventDate "2012.12.05"]
[EventType "swiss"]
[EventRounds "7"]
[EventCountry "ESP"]
[SourceTitle "EXT 2024"]
[Source "ChessBase"]
[SourceDate "2023.10.10"]
[SourceVersion "1"]
[SourceVersionDate "2023.10.10"]
[SourceQuality "1"]

1. d4 e6 2. c4 Bb4+ 3. Nc3 Nf6 4. Bd2 0-0 5. Nf3 d6 6. e3 Qe7 7. Bd3 e5 8. dxe5 dxe5 9. Qc2 Nbd7 10. Be2 Re8 11. 0-0 h6 12. Nb5 Bd6 13. Rfd1 e4 14. Nfd4 c6 15. Nxd6 Qxd6 16. Bc3 Qe7 17. Nf5 Qe6 18. Nd6 Re7 19. h3 Ne8 20. Bg4 Qg6 21. Nxc8 f5 22. Nxe7+ 1-0